000 00255nam a22001217a 4500
041 _aENG
100 _aShukla.B.C
245 _aOilseeds Processing Technology
260 _aIndia
_bCIAE
_c1992
300 _a270
650 _aAPE
856 _uAPE (10 )
999 _c1760
_d1760